Divoký anděl knižní podoba telenovely /

Hlavní autor: Torres, Enrique
Další autoři: Aranzabal, Manuel Rodrigo, Andjelkovská, Hana, Andrlová, Ivana, 1960-
Jazyk: Čeština
Vydáno: Praha : Fonia, p2001
Témata:
Fyzický popis: 1 zvuková kazeta : analog + 1 složený l.
Zvukové nahrávky
Uloženo v:
LEADER 01031njm a2200265 a 4500
001 000617357
003 CZ BrMZK
005 20030709121625.0
008 020816s2001 xr f cze d
028 0 1 |a 59515-4  |b Fonia 
040 |a BOA001  |b cze 
080 |a 821.134.2(82)-31  |2 MRF 
100 1 |a Torres, Enrique  |7 jn20001103624  |4 aut 
245 1 0 |a Divoký anděl  |h [zvukový záznam] :  |b knižní podoba telenovely /  |c Enrique Torres, Manuel Rodrigo Aranzabal ; překlad Hana Andjelková 
260 |a Praha :  |b Fonia,  |c p2001 
300 |a 1 zvuková kazeta :  |b analog +  |e 1 složený l. 
511 0 |a Vypráví Ivana Andrlová 
655 4 |a zvukové nahrávky 
655 7 |a argentinské romány  |7 fd131831  |2 czenas 
700 1 |a Aranzabal, Manuel Rodrigo  |7 jn20001103625  |4 aut 
700 1 |a Andjelkovská, Hana  |7 xx0062959  |4 trl 
700 1 |a Andrlová, Ivana,  |d 1960-  |7 ola2002110791  |4 nrt 
910 |a BOA001  |b MC-1106.187 
990 |a AV 
996 6 |b 2610167319  |c MC-1106.187  |l MZK  |r Sklad / do 24 hodin  |n 0  |p p.v.  |w 000617357  |u 000010  |a 1  |e BOA001  |j MZK50  |s P